[Event "Litomysl"]
[Site "?"]
[Date "2018.01.30"]
[Round "3.21"]
[White "Vsetulova, Viktorie"]
[Black "Beranova, Karin"]
[Result "0-1"]
[WhiteElo "1520"]
[BlackElo "1410"]
[PlyCount "74"]
[EventDate "2018.??.??"]

1. e4 e5 2. Nf3 Nc6 3. Bc4 Bc5 4. c3 Nf6 5. d4 exd4 6. cxd4 Bb4+ 7. Nc3 Nxe4 8.
O-O Bxc3 9. d5 Ne5 10. bxc3 Nxc4 11. Qd4 O-O 12. Qxe4 Nd6 13. Qd3 b6 14. Ng5 f5
15. Qh3 h6 16. Nf3 Ba6 17. Re1 Re8 18. Be3 Qf6 19. Bd4 Qf7 20. Ne5 Qxd5 21. Qg3
Ne4 22. Qf4 c5 23. Qxf5 cxd4 24. Rxe4 Bd3 25. Rae1 Bxe4 26. Rxe4 d6 27. Qg6
Rxe5 28. f3 dxc3 29. Rg4 Rg5 30. Qc2 Rxg4 31. fxg4 Qd2 32. Qe4 Rf8 33. h3 Qf2+
34. Kh2 Qf4+ 35. Qxf4 Rxf4 36. Kg3 Rf1 37. a4 c2 0-1

[Event "Litomysl"]
[Site "?"]
[Date "2018.01.30"]
[Round "3.22"]
[White "Smolik, Jachym"]
[Black "Brozka, Karel"]
[Result "0-1"]
[WhiteElo "1605"]
[BlackElo "1704"]
[PlyCount "104"]
[EventDate "2018.??.??"]

1. d4 Nf6 2. Bf4 g6 3. e3 Bg7 4. Bd3 d6 5. c3 c6 6. Nd2 Qc7 7. Qc2 Nbd7 8. Bg3
b5 9. Ngf3 Nb6 10. O-O O-O 11. Rfe1 Bg4 12. h3 Bxf3 13. Nxf3 Nbd7 14. b3 Nh5
15. Bh2 Rae8 16. Rac1 e5 17. dxe5 dxe5 18. Nd2 f5 19. c4 b4 20. Be2 Nhf6 21. c5
Kh8 22. Nc4 Nd5 23. Nd6 Re6 24. Bf3 Nc3 25. a3 a5 26. a4 Nxc5 27. Nc4 Qd8 28.
g3 e4 29. Be2 Nd3 30. Bxd3 exd3 31. Qd2 Ne4 32. Qa2 d2 33. Nxd2 Qxd2 34. Qxd2
Nxd2 35. Kg2 Bc3 36. Red1 Nxb3 37. Rc2 Nc5 38. g4 Nxa4 39. Ra2 Nb2 40. Rb1 Nc4
41. Rc1 Rd8 42. Ra4 Nb2 43. Rxa5 Rd2 44. Ra8+ Kg7 45. Ra7+ Kg8 46. Rca1 Nc4 47.
R1a6 Nxe3+ 48. Kf3 fxg4+ 49. hxg4 Nd1 50. Rc7 Rxf2+ 51. Kg3 Be5+ 52. Kh4 Rxh2+
0-1

[Event "Litomysl"]
[Site "?"]
[Date "2018.01.30"]
[Round "3.23"]
[White "Dolensky, Filip"]
[Black "Janous, Marek"]
[Result "1-0"]
[WhiteElo "1561"]
[BlackElo "1560"]
[PlyCount "96"]
[EventDate "2018.??.??"]

1. e4 c5 2. Nc3 e6 3. g3 Nc6 4. Bg2 a6 5. d3 Nge7 6. f4 d5 7. Nf3 dxe4 8. Nxe4
Nd5 9. O-O Be7 10. Re1 O-O 11. h3 Qc7 12. Nf2 Bf6 13. Ng4 Be7 14. Qe2 Qb6 15.
Kh2 Qc7 16. Nfe5 Re8 17. Nxc6 bxc6 18. Ne5 Bb7 19. a3 Rac8 20. Nc4 Bf6 21. Be4
g6 22. Rf1 Bg7 23. Rb1 Nb6 24. Ne3 Nd5 25. Qf2 Bd4 26. c3 Bg7 27. Nc4 Bf8 28.
Ne5 Bd6 29. Ng4 Be7 30. Ne3 Rcd8 31. Bxd5 cxd5 32. Ng4 Bc6 33. d4 Bb5 34. Re1
Rc8 35. Be3 Qb6 36. dxc5 Qc7 37. Bd4 h5 38. Nf6+ Bxf6 39. Bxf6 Qxc5 40. Bd4 Qc6
41. Qe3 Qc7 42. g4 hxg4 43. hxg4 f5 44. g5 Re7 45. Kg3 Ba4 46. Rbc1 Rh7 47.
Qxe6+ Kf8 48. Qxg6 Bd7 1-0

[Event "Litomysl"]
[Site "?"]
[Date "2018.01.30"]
[Round "3.24"]
[White "Simek, Viktor"]
[Black "Kodet, Jaromir"]
[Result "1-0"]
[WhiteElo "1528"]
[BlackElo "1268"]
[PlyCount "93"]
[EventDate "2018.??.??"]

1. e4 c6 2. d4 d5 3. exd5 cxd5 4. c4 e6 5. Nc3 Nf6 6. Nf3 Nc6 7. Bd3 dxc4 8.
Bxc4 Bd6 9. O-O O-O 10. Bg5 b6 11. Rc1 Bb7 12. d5 Na5 13. Be2 exd5 14. Nxd5
Bxd5 15. Bxf6 Qxf6 16. Qxd5 Rad8 17. Qb5 Rfe8 18. Rfe1 Qh6 19. Bf1 Re6 20. a3
Nb7 21. Rxe6 fxe6 22. Re1 Nc5 23. b4 Nb3 24. g3 Nd2 25. Nxd2 Qxd2 26. Rxe6 Rf8
27. Qe2 Qxe2 28. Bxe2 h6 29. Rxd6 Re8 30. Bc4+ Kh8 31. Rd7 Re1+ 32. Kg2 Rc1 33.
Bd3 Rc8 34. Rxa7 Rd8 35. Bb1 Rb8 36. b5 Kg8 37. Bg6 h5 38. a4 h4 39. Bd3 h3+
40. Kxh3 Rf8 41. Kg2 g5 42. a5 g4 43. axb6 Kh8 44. b7 Kg7 45. b8=Q+ Kh6 46.
Qd6+ Kg5 47. Qg6# 1-0

[Event "Litomysl"]
[Site "?"]
[Date "2018.01.30"]
[Round "3.25"]
[White "Simunek, Jakub Simon"]
[Black "Werner, Hong Quan Dan"]
[Result "0-1"]
[WhiteElo "1513"]
[BlackElo "1504"]
[PlyCount "66"]
[EventDate "2018.??.??"]

1. d4 d5 2. Nf3 e6 3. e3 Nf6 4. Bd3 Nbd7 5. Nbd2 Be7 6. O-O O-O 7. Qe2 b6 8. e4
dxe4 9. Nxe4 Bb7 10. Nxf6+ Nxf6 11. c3 Rc8 12. Bg5 Qd5 13. Qc2 h6 14. Bxf6 Bxf6
15. Rfe1 c5 16. dxc5 Qxc5 17. Re3 Rfd8 18. b4 Qd6 19. Rd1 Qc7 20. h3 Kh8 21. c4
Qe7 22. a3 Rd7 23. Be2 Rcd8 24. Red3 Rxd3 25. Rxd3 Rxd3 26. Qxd3 e5 27. Nd2 e4
28. Qb3 Qd6 29. Qc2 Qf4 30. Nb3 e3 31. fxe3 Qxe3+ 32. Kf1 Bh4 33. Bd3 Qe1# 0-1

[Event "Litomysl"]
[Site "?"]
[Date "2018.01.30"]
[Round "3.26"]
[White "Fizer, Marek"]
[Black "Mohapl, Tomas"]
[Result "1-0"]
[WhiteElo "1501"]
[BlackElo "1446"]
[PlyCount "53"]
[EventDate "2018.??.??"]

1. e4 c5 2. Nf3 d6 3. d4 cxd4 4. Nxd4 Nf6 5. Nc3 a6 6. Bc4 e6 7. Bg5 Nbd7 8.
O-O Qc7 9. Bb3 Be7 10. Bxe6 Qc5 11. Bf5 g6 12. Nb3 Qc6 13. Bh3 O-O 14. Nd5 Bd8
15. Bxd7 Nxd7 16. Bxd8 Kh8 17. Qd4+ f6 18. Bxf6+ Nxf6 19. Nxf6 Rf7 20. Ng4+ Rg7
21. f3 Be6 22. Rad1 Rd8 23. Kh1 d5 24. Ne5 Qc7 25. f4 Qxc2 26. Nc5 Bg8 27. Rd2
1-0

[Event "Litomysl"]
[Site "?"]
[Date "2018.01.30"]
[Round "3.27"]
[White "Winter, Ondrej"]
[Black "Hladky, Tadeas"]
[Result "1-0"]
[WhiteElo "1483"]
[BlackElo "1627"]
[PlyCount "93"]
[EventDate "2018.??.??"]

1. e4 e5 2. Nf3 Nc6 3. Bc4 Bc5 4. d3 Nf6 5. c3 O-O 6. Nbd2 Re8 7. O-O a6 8. Bb3
d6 9. h3 Ba7 10. Re1 h6 11. Nf1 Ne7 12. Ng3 Ng6 13. d4 c6 14. Qc2 Qc7 15. Be3
Be6 16. Bxe6 Rxe6 17. Rad1 b5 18. a3 Rae8 19. dxe5 Nxe5 20. Nxe5 Bxe3 21. Rxe3
Rxe5 22. c4 c5 23. cxb5 axb5 24. Qd3 c4 25. Qxd6 Qxd6 26. Rxd6 Nxe4 27. Nxe4
Rxe4 28. Rxe4 Rxe4 29. Rd5 Re1+ 30. Kh2 Re2 31. Rxb5 Rxf2 32. Rb4 Kf8 33. Kg3
Rc2 34. a4 c3 35. bxc3 Rxc3+ 36. Kf4 Ke7 37. a5 Ra3 38. Rb5 Ra2 39. g3 Kd7 40.
Rb7+ Ke8 41. Ra7 Kd8 42. Rxf7 Rxa5 43. Rxg7 Ra6 44. Kg4 Ke8 45. Kh5 Kf8 46. Rg6
Ra5+ 47. Kxh6 1-0

[Event "Litomysl"]
[Site "?"]
[Date "2018.01.30"]
[Round "3.28"]
[White "Lang, Simon"]
[Black "Nguyen, Thai Dang Vi"]
[Result "1-0"]
[WhiteElo "1415"]
[BlackElo "1292"]
[PlyCount "81"]
[EventDate "2018.??.??"]

1. e4 e5 2. f4 exf4 3. Nf3 d5 4. exd5 Nf6 5. Bc4 Nxd5 6. O-O Be7 7. Re1 O-O 8.
Qe2 Bf6 9. Qe4 Ne7 10. Bd3 Bf5 11. Qxb7 Nd7 12. Bxf5 Nxf5 13. Nc3 Nd4 14. Qe4
Re8 15. Qxe8+ Qxe8 16. Rxe8+ Rxe8 17. Nxd4 Bxd4+ 18. Kf1 Nc5 19. d3 Bxc3 20.
bxc3 g5 21. Kf2 Rb8 22. Ba3 Ne6 23. Kf3 f5 24. Re1 g4+ 25. Kf2 Kf7 26. d4 c6
27. Re5 Rb5 28. Rxb5 cxb5 29. d5 Nd8 30. Bd6 Nb7 31. Bxf4 Nc5 32. Ke3 Ne4 33.
Kd4 Kf6 34. c4 bxc4 35. Kxc4 a6 36. Kd4 Ke7 37. c4 Kd7 38. c5 h5 39. c6+ Ke7
40. Ke5 Nd6 41. Bg5+ 1-0

[Event "Litomysl"]
[Site "?"]
[Date "2018.01.30"]
[Round "4.1"]
[White "Mladek, Richard"]
[Black "Eret, Matous"]
[Result "1-0"]
[WhiteElo "2091"]
[BlackElo "2177"]
[PlyCount "121"]
[EventDate "2018.??.??"]

1. e4 g6 2. d4 d5 3. exd5 Qxd5 4. Nc3 Qd8 5. Bc4 Nf6 6. Nf3 Bg7 7. Bg5 O-O 8.
Qd2 c6 9. a4 Nbd7 10. O-O Nb6 11. Bb3 Nbd5 12. Rfe1 Be6 13. Nd1 b5 14. Ne5 Qc7
15. Rc1 bxa4 16. Bxa4 c5 17. dxc5 Qxc5 18. Nd3 Qd4 19. Qa5 h6 20. Bxf6 Bxf6 21.
Nc5 Bf5 22. Bc6 Rac8 23. Nb3 Qb4 24. Bxd5 Qxa5 25. Nxa5 Rc5 26. Nc6 Rxd5 27.
Ne3 Rc5 28. Nxf5 gxf5 29. Nxe7+ Kh7 30. b4 Rb5 31. c4 Rb7 32. Nd5 Bg7 33. Re3
Rd8 34. Rd3 Rc8 35. g3 Rc6 36. Kg2 a5 37. bxa5 Rc5 38. Rc2 Ra7 39. Ra3 Bf8 40.
Rf3 Kg6 41. Rb2 Raxa5 42. Rb6+ Kg7 43. Rxf5 Ra7 44. Ne3 Rac7 45. Rb5 R5c6 46.
Kf3 Rd7 47. Rfd5 Rdc7 48. Rd8 Be7 49. Re8 Bg5 50. Nd5 Ra7 51. h4 Bc1 52. Rbb8
Ba3 53. Rg8+ Kh7 54. Rh8+ Kg6 55. g4 f6 56. Nf4+ Kg7 57. Rbg8+ Kf7 58. Rb8 Kg7
59. Nh5+ Kg6 60. Rbg8+ Kf7 61. Rg7+ 1-0

[Event "Litomysl"]
[Site "?"]
[Date "2018.01.30"]
[Round "4.2"]
[White "Svanda, Ondrej"]
[Black "Stinka, Jakub"]
[Result "1/2-1/2"]
[WhiteElo "2071"]
[BlackElo "2050"]
[PlyCount "67"]
[EventDate "2018.??.??"]

1. e4 c5 2. Ne2 Nc6 3. g3 d5 4. Bg2 dxe4 5. Nbc3 Bg4 6. Bxe4 Nf6 7. Bg2 Nd4 8.
Bxb7 Nf3+ 9. Bxf3 Bxf3 10. Rg1 e5 11. d3 Be7 12. Bg5 Rb8 13. b3 O-O 14. Qd2 h6
15. Bxf6 Bxf6 16. Ne4 Be7 17. Qe3 Bxe2 18. Kxe2 f5 19. Nc3 Qd6 20. Kf1 Kh8 21.
Kg2 Bg5 22. Qf3 e4 23. dxe4 fxe4 24. Qxe4 Qd2 25. Nd1 Rbd8 26. Rf1 Rfe8 27. Qf3
Qxc2 28. h4 Rf8 29. Qg4 Rd4 30. Qe6 Bd2 31. Ne3 Bxe3 32. Qxe3 Rd2 33. Rac1
Rdxf2+ 34. Rxf2 1/2-1/2

[Event "Litomysl"]
[Site "?"]
[Date "2018.01.30"]
[Round "4.3"]
[White "Petr, Jakub"]
[Black "Kures, Michael"]
[Result "1-0"]
[WhiteElo "2122"]
[BlackElo "1986"]
[PlyCount "43"]
[EventDate "2018.??.??"]

1. e4 c5 2. Nf3 Nc6 3. Bb5 a6 4. Bxc6 bxc6 5. O-O g6 6. Re1 d5 7. e5 Bg4 8. h3
Bxf3 9. Qxf3 e6 10. d3 Ne7 11. g4 Bg7 12. Nc3 Rb8 13. b3 Qc7 14. Bg5 O-O 15.
Na4 Bxe5 16. Rxe5 Qxe5 17. Bf6 Qd6 18. Qe3 e5 19. Bxe5 Qe6 20. Nxc5 d4 21. Qf4
Qd5 22. Qf6 1-0

[Event "Litomysl"]
[Site "?"]
[Date "2018.01.30"]
[Round "4.4"]
[White "Broz, Petr"]
[Black "Bulockin, Martin"]
[Result "1/2-1/2"]
[WhiteElo "1754"]
[BlackElo "2120"]
[PlyCount "118"]
[EventDate "2018.??.??"]

1. e4 c5 2. Nf3 e6 3. c4 Nc6 4. Nc3 a6 5. Be2 d6 6. d4 cxd4 7. Nxd4 Qb6 8. Be3
Qa5 9. O-O Nf6 10. Qd2 Bd7 11. Nb3 Qc7 12. Rac1 Be7 13. f3 O-O 14. Nd5 exd5 15.
cxd5 Rac8 16. dxc6 Bxc6 17. Nd4 Qd7 18. Nxc6 Rxc6 19. Rxc6 Qxc6 20. Rc1 Qd7 21.
Qc3 h6 22. Rd1 Rc8 23. Qb3 b5 24. Kh1 Qe6 25. Qxe6 fxe6 26. Rc1 Rxc1+ 27. Bxc1
d5 28. exd5 exd5 29. a4 bxa4 30. Bxa6 Kf7 31. Bb5 Ke6 32. Kg1 Bc5+ 33. Kf1 Ke5
34. Ke2 Bg1 35. h3 Kd4 36. Bxa4 Nh5 37. Bd2 Ng3+ 38. Kd1 Kc4 39. Kc2 Nf5 40.
Bb3+ Kc5 41. Kd3 Nh4 42. Ba4 Nxg2 43. b4+ Kd6 44. Be8 Bb6 45. Kc3 Nh4 46. Bf4+
Ke7 47. Bh5 Nf5 48. Bg4 Nd4 49. Be5 Nb5+ 50. Kb3 g6 51. f4 Na7 52. Ka4 Be3 53.
b5 Bb6 54. h4 d4 55. h5 gxh5 56. Bxh5 Ke6 57. Bg7 Kf5 58. Bxh6 Bc7 59. Bd1 Nxb5
1/2-1/2

[Event "Litomysl"]
[Site "?"]
[Date "2018.01.30"]
[Round "4.5"]
[White "Sykora, Marek"]
[Black "Nehyba, Martin"]
[Result "1-0"]
[WhiteElo "1847"]
[BlackElo "2003"]
[PlyCount "55"]
[EventDate "2018.??.??"]

1. e4 c5 2. Nc3 e6 3. g3 Nc6 4. Bg2 Nf6 5. d3 Be7 6. f4 d5 7. e5 Nd7 8. Nf3 O-O
9. O-O Rb8 10. Ne2 b6 11. d4 Ba6 12. Be3 Qc7 13. Rf2 f5 14. exf6 Nxf6 15. Bh3
Qd6 16. Ng5 Bc8 17. c3 h6 18. Nf3 Ne4 19. Rf1 Ba6 20. Ne5 Bf6 21. Re1 cxd4 22.
Nxc6 Qxc6 23. Nxd4 Bxd4 24. Bxd4 Rfe8 25. Qg4 Rb7 26. Bg2 Nc5 27. Qg6 Bd3 28.
Bxd5 1-0

[Event "Litomysl"]
[Site "?"]
[Date "2018.01.30"]
[Round "4.6"]
[White "Sprenar, Petr"]
[Black "Skalsky, Alexandr"]
[Result "1/2-1/2"]
[WhiteElo "2106"]
[BlackElo "2029"]
[PlyCount "94"]
[EventDate "2018.??.??"]

1. d4 Nf6 2. c4 g6 3. g3 Bg7 4. Bg2 d5 5. cxd5 Nxd5 6. Nf3 Nb6 7. O-O Nc6 8. e3
O-O 9. Nc3 Re8 10. Re1 e5 11. d5 Ne7 12. e4 Bg4 13. a4 c6 14. h3 Bxf3 15. Bxf3
cxd5 16. exd5 Nf5 17. a5 Nc4 18. a6 bxa6 19. Rxa6 Nd4 20. Bg2 Rb8 21. Rxa7 Nxb2
22. Qd2 Qb6 23. Ra2 Nc4 24. Qd1 Rec8 25. h4 f5 26. h5 Qb3 27. Qxb3 Rxb3 28. Ne2
e4 29. Nxd4 Bxd4 30. Bf4 Nb2 31. Bf1 g5 32. Be3 Nd3 33. Bxd3 Rxd3 34. Bxd4 Rxd4
35. Ra5 Kg7 36. Rb1 Kh6 37. d6 Rxd6 38. Rxf5 Kxh5 39. Rbb5 h6 40. Rfe5 Rc4 41.
Rb3 Kg4 42. Kg2 Rd2 43. Re3 Rdd4 44. Re6 h5 45. Re5 h4 46. gxh4 gxh4 47. Re8
Kf5 1/2-1/2

[Event "Litomysl"]
[Site "?"]
[Date "2018.01.30"]
[Round "4.7"]
[White "Polansky, Adam Lubos"]
[Black "Szotkowski, David"]
[Result "1-0"]
[WhiteElo "1864"]
[BlackElo "1913"]
[PlyCount "87"]
[EventDate "2018.??.??"]

1. d4 Nf6 2. Nf3 c5 3. d5 b5 4. Bg5 Ne4 5. Bf4 d6 6. Nbd2 Nf6 7. e4 Ba6 8. c3
g6 9. Qb3 Nbd7 10. Bxb5 Bxb5 11. Qxb5 Rb8 12. Qd3 Rxb2 13. Nb3 Bg7 14. Bc1 Rxb3
15. axb3 Nxe4 16. Bb2 Nef6 17. O-O Qb8 18. c4 O-O 19. Rfe1 Re8 20. Ra2 Qb7 21.
Rea1 Ra8 22. Nd2 Ng4 23. Bxg7 Kxg7 24. Qc3+ Kg8 25. h3 Ngf6 26. Ra5 e6 27. dxe6
fxe6 28. Rb5 Qc6 29. Rba5 a6 30. Qe3 Kf7 31. Nf3 e5 32. Ng5+ Kg8 33. f4 Nh5 34.
Ne6 Nxf4 35. Nxf4 exf4 36. Qxf4 Ne5 37. Qf6 Qb6 38. Qe6+ Kh8 39. R1a3 Kg7 40.
Qe7+ Kh6 41. Rb5 axb5 42. Rxa8 bxc4 43. Rh8 g5 44. Qxh7# 1-0

[Event "Litomysl"]
[Site "?"]
[Date "2018.01.30"]
[Round "4.8"]
[White "Vojta, Jakub"]
[Black "Gnojek, Petr"]
[Result "0-1"]
[WhiteElo "2087"]
[BlackElo "2018"]
[PlyCount "74"]
[EventDate "2018.??.??"]

1. e4 e6 2. d4 d5 3. Nc3 Bb4 4. e5 c5 5. Bd2 Bxc3 6. bxc3 c4 7. Qg4 Kf8 8. Nf3
Ne7 9. Bg5 h6 10. Bxe7+ Qxe7 11. h4 Nc6 12. Be2 b5 13. O-O Kg8 14. Rfb1 Ba6 15.
a3 Kh7 16. h5 Rhf8 17. Nd2 Qc7 18. a4 Rab8 19. axb5 Bxb5 20. f4 Ne7 21. Qh3 Bd7
22. g4 Rxb1+ 23. Rxb1 Rb8 24. Rf1 Rb2 25. Bd1 a5 26. f5 a4 27. f6 Ng8 28. fxg7
Kxg7 29. g5 a3 30. g6 fxg6 31. hxg6 Be8 32. Bh5 Qe7 33. Kh1 a2 34. Qg4 Qg5 35.
Qf3 Bxg6 36. Bg4 Qxd2 37. Rg1 Rb1 0-1

[Event "Litomysl"]
[Site "?"]
[Date "2018.01.30"]
[Round "4.9"]
[White "Nguyen, Thai Dai Vinh"]
[Black "Jun, Rudolf"]
[Result "1/2-1/2"]
[WhiteElo "1869"]
[BlackElo "1947"]
[PlyCount "78"]
[EventDate "2018.??.??"]

1. e4 c5 2. Nf3 Nc6 3. d4 cxd4 4. Nxd4 Nf6 5. Nc3 e5 6. Ndb5 d6 7. Bg5 a6 8.
Na3 b5 9. Nd5 Be7 10. Bxf6 Bxf6 11. c4 b4 12. Nc2 O-O 13. g3 Be6 14. Nce3 Bg5
15. Bg2 Bxd5 16. Nxd5 Rc8 17. O-O g6 18. f4 exf4 19. gxf4 Bf6 20. Nxf6+ Qxf6
21. b3 Kh8 22. Qd2 Rfd8 23. Rad1 Qg7 24. Qf2 f6 25. Kh1 Qc7 26. Qh4 Qg7 27. Rd2
Qe7 28. Rfd1 a5 29. Qg4 a4 30. Rxd6 Rxd6 31. Qxc8+ Kg7 32. Qg4 Na5 33. Qf3 Qd8
34. Rd5 axb3 35. axb3 Rxd5 36. exd5 Qe7 37. Qd1 Nb7 38. h3 Qd6 39. Qd4 Nc5
1/2-1/2

[Event "Litomysl"]
[Site "?"]
[Date "2018.01.30"]
[Round "4.10"]
[White "Stastny, Jakub"]
[Black "Jares, Michal"]
[Result "0-1"]
[WhiteElo "1752"]
[BlackElo "1802"]
[PlyCount "86"]
[EventDate "2018.??.??"]

1. d4 Nf6 2. c4 d6 3. Nc3 g6 4. e4 Bg7 5. f4 O-O 6. Nf3 Nbd7 7. e5 Ne8 8. Be2
c5 9. exd6 Nxd6 10. Be3 Nf5 11. Bf2 b6 12. d5 Ba6 13. Rc1 Nd6 14. Qa4 Qc8 15.
O-O Re8 16. Bg3 Nf5 17. Bf2 Nd4 18. Nxd4 cxd4 19. Nb5 Bxb5 20. Qxb5 Nc5 21.
Rfd1 a6 22. Qb4 e5 23. fxe5 Rxe5 24. Bf3 a5 25. Qb5 Rb8 26. Bxd4 Re1+ 27. Rxe1
Bxd4+ 28. Kf1 Qf5 29. Rcd1 Qf4 30. Re8+ Rxe8 31. Qxe8+ Kg7 32. Qe2 Be5 33. Qd2
Qxc4+ 34. Be2 Qh4 35. h3 Ne4 36. Qe3 Ng3+ 37. Kg1 Bd6 38. Bf3 Bc5 39. Qxc5 bxc5
40. d6 Qd8 41. d7 Nf5 42. Bc6 Nd4 43. Ba4 Qe7 0-1

[Event "Litomysl"]
[Site "?"]
[Date "2018.01.30"]
[Round "4.11"]
[White "Kusa, Jakub"]
[Black "Babula, Vlastimil"]
[Result "1-0"]
[WhiteElo "1825"]
[BlackElo "1836"]
[PlyCount "125"]
[EventDate "2018.??.??"]

1. e4 c5 2. Nf3 d6 3. d4 cxd4 4. Nxd4 Nf6 5. Nc3 a6 6. Be2 e6 7. Be3 Be7 8. Qd2
O-O 9. f4 Qc7 10. O-O-O b5 11. a3 Bb7 12. Bf3 Nbd7 13. f5 e5 14. Nb3 Nc5 15.
Nxc5 dxc5 16. Nd5 Bxd5 17. exd5 Rfd8 18. Bg5 Rab8 19. Bxf6 Bxf6 20. d6 Qb6 21.
Qd5 b4 22. a4 b3 23. c3 c4 24. Be4 Rdc8 25. d7 Rd8 26. Rhe1 Bg5+ 27. Kb1 Qc7
28. Qc6 Qa5 29. Qxc4 Qb6 30. Qd5 Bf6 31. g4 Qf2 32. h3 h6 33. Rf1 Qg3 34. Qd3
Qh4 35. Qxa6 Qxh3 36. Qe2 Qh4 37. a5 Be7 38. a6 Bc5 39. Bb7 Ba7 40. Qc4 Qh3 41.
Rfe1 Qg3 42. Qd3 Qxg4 43. Qe4 Qg5 44. Qxe5 Qh4 45. Qe4 Qh2 46. Rh1 Qc7 47. Qa4
Qe5 48. Rhf1 Qe2 49. Qxb3 Rxd7 50. Rxd7 Qxf1+ 51. Ka2 Qxf5 52. Qd5 Qf6 53. c4
Qf2 54. Rd8+ Rxd8 55. Qxd8+ Kh7 56. Bd5 h5 57. Qc7 h4 58. Qxf7 Qxf7 59. Bxf7 g5
60. Be6 Kh6 61. b4 Kh5 62. c5 g4 63. c6 1-0

[Event "Litomysl"]
[Site "?"]
[Date "2018.01.30"]
[Round "4.12"]
[White "Keprt, Tomas"]
[Black "Flajsman, Petr"]
[Result "1/2-1/2"]
[WhiteElo "1900"]
[BlackElo "1667"]
[PlyCount "55"]
[EventDate "2018.??.??"]

1. e4 e6 2. d4 d5 3. exd5 exd5 4. c4 c6 5. Nc3 Nf6 6. Bg5 Be7 7. c5 Bf5 8. Bd3
Bxd3 9. Qxd3 O-O 10. Nf3 Na6 11. a3 Nc7 12. O-O Ne6 13. Bh4 h6 14. Rfe1 Nd7 15.
Bxe7 Qxe7 16. b4 Qf6 17. a4 Rfe8 18. b5 Nf4 19. Qd2 Qf5 20. h3 Nxh3+ 21. gxh3
Qxf3 22. Re3 Rxe3 23. Qxe3 Qxe3 24. fxe3 Rb8 25. Kf2 f5 26. Rg1 Kf7 27. Ne2 Nf6
28. Nf4 1/2-1/2

[Event "Litomysl"]
[Site "?"]
[Date "2018.01.30"]
[Round "4.13"]
[White "Rokos, Filip"]
[Black "Hak, David"]
[Result "0-1"]
[WhiteElo "1843"]
[BlackElo "1889"]
[PlyCount "66"]
[EventDate "2018.??.??"]

1. e4 c5 2. Nf3 e6 3. d4 cxd4 4. Nxd4 a6 5. Nc3 Qc7 6. Bd3 Nc6 7. Be3 Nf6 8.
O-O Be7 9. Kh1 O-O 10. a4 b6 11. Qe2 Bb7 12. f4 d6 13. g4 d5 14. e5 Nd7 15. Rf3
g6 16. Qf2 Ncxe5 17. fxe5 Nxe5 18. Bf4 Bd6 19. Rh3 Nxg4 20. Qh4 Nf2+ 21. Qxf2
Bxf4 22. Qh4 h6 23. Nce2 Bg5 24. Qg3 Qxg3 25. Nxg3 e5 26. Nf3 Bc8 27. Nxg5 hxg5
28. Kg2 Bxh3+ 29. Kxh3 f5 30. c3 g4+ 31. Kh4 Kg7 32. Nf1 Rh8+ 33. Kg3 Rh3+ 0-1

[Event "Litomysl"]
[Site "?"]
[Date "2018.01.30"]
[Round "4.14"]
[White "Hofman, Krystof"]
[Black "Kolar, Jan"]
[Result "1-0"]
[WhiteElo "1765"]
[BlackElo "1694"]
[PlyCount "65"]
[EventDate "2018.??.??"]

1. d4 Nf6 2. c4 e6 3. Nf3 b6 4. a3 Bb7 5. Nc3 Be7 6. d5 O-O 7. e4 d6 8. Be2 Re8
9. O-O a5 10. Nd4 e5 11. Nc2 Na6 12. Be3 Nd7 13. b4 axb4 14. axb4 Bg5 15. Bxg5
Qxg5 16. Qc1 Qxc1 17. Rfxc1 g6 18. Nb5 Rad8 19. Rxa6 Bxa6 20. Nxc7 Bxc4 21.
Bxc4 Re7 22. Nb5 Nf6 23. Bd3 Nh5 24. g3 f5 25. exf5 e4 26. Be2 Nf6 27. Ne3 gxf5
28. Nxf5 Re5 29. Ne3 Kg7 30. Nd4 Rd7 31. Nc6 Re8 32. Ra1 Kf7 33. Ra6 1-0

[Event "Litomysl"]
[Site "?"]
[Date "2018.01.30"]
[Round "4.15"]
[White "Nemcova, Karin"]
[Black "Vilimova, Julie"]
[Result "1/2-1/2"]
[WhiteElo "2068"]
[BlackElo "1708"]
[PlyCount "53"]
[EventDate "2018.??.??"]

1. e4 d6 2. d4 g6 3. g3 Bg7 4. Bg2 c6 5. Nc3 Nf6 6. Nge2 Nbd7 7. h3 O-O 8. O-O
e5 9. Be3 Re8 10. Kh2 Qc7 11. Qd2 Nb6 12. b3 Nh5 13. f4 f5 14. Rad1 Nf6 15.
dxe5 dxe5 16. fxe5 Qxe5 17. Bf4 Qe7 18. exf5 Bxf5 19. Nd4 Bd7 20. Bg5 Rad8 21.
Rde1 Qd6 22. Rxe8+ Bxe8 23. Qf2 Qxd4 24. Qxd4 Rxd4 25. Bxf6 Bxf6 26. Rxf6 Rd2
27. Re6 1/2-1/2

[Event "Litomysl"]
[Site "?"]
[Date "2018.01.30"]
[Round "4.16"]
[White "Gregurkova, Nikola"]
[Black "Lorencova, Michaela"]
[Result "0-1"]
[WhiteElo "1625"]
[BlackElo "1439"]
[PlyCount "56"]
[EventDate "2018.??.??"]

1. e4 e5 2. Nf3 Nf6 3. Nxe5 d6 4. Nf3 Nxe4 5. Nc3 Nxc3 6. dxc3 Be7 7. Be3 Nc6
8. Qd2 Be6 9. O-O-O a5 10. Kb1 O-O 11. Nd4 Nxd4 12. Bxd4 Bf6 13. g3 Qe7 14. Bg2
Rfb8 15. Rhe1 Bxd4 16. Qxd4 Qd7 17. h4 Ra6 18. Re3 b5 19. Bf1 Rab6 20. b3 c5
21. Qf4 c4 22. b4 axb4 23. cxb4 Ra8 24. a3 Rba6 25. Kb2 d5 26. Rd4 Qa7 27. Bg2
Rxa3 28. Re2 Rf3 0-1

[Event "Litomysl"]
[Site "?"]
[Date "2018.01.30"]
[Round "4.17"]
[White "Gresova, Zuzana"]
[Black "Richterova, Julie"]
[Result "1/2-1/2"]
[WhiteElo "1860"]
[BlackElo "1908"]
[PlyCount "136"]
[EventDate "2018.??.??"]

1. d4 Nf6 2. c4 e5 3. dxe5 Ng4 4. Nf3 Bc5 5. e3 Nc6 6. Bd3 Ncxe5 7. Nxe5 Nxe5
8. O-O O-O 9. Bxh7+ Kxh7 10. Qh5+ Kg8 11. Qxe5 Bd6 12. Qh5 a5 13. Nc3 Ra6 14.
e4 Re8 15. Be3 Re5 16. Qe2 Bb4 17. Bf4 Bxc3 18. bxc3 Ree6 19. Rad1 Rac6 20. Rd5
Qe7 21. Re1 b6 22. Qd3 Rc5 23. Re3 Rec6 24. Rg3 Rxc4 25. Rdg5 g6 26. Be5 R4c5
27. Qd4 Re6 28. Bh8 Qf8 29. Be5 d6 30. Bf6 Rxg5 31. Bxg5 Qg7 32. Qc4 Qf8 33.
Qd4 Ba6 34. Bf6 Qh6 35. Bg5 Qg7 36. Qd5 Qf8 37. Rh3 Bc8 38. Qd4 Qg7 39. Qc4 Qf8
40. Rh4 Bb7 41. Qd3 d5 42. Qh3 Qg7 43. Bh6 Qf6 44. Rf4 Rxe4 45. Rxe4 dxe4 46.
Qg3 Qe7 47. h3 Bd5 48. Qf4 Bxa2 49. Bg5 Qe6 50. Qxc7 a4 51. Qd8+ Kg7 52. Qd4+
f6 53. Bc1 Bb3 54. Ba3 b5 55. Qa7+ Qf7 56. Qc5 Bc4 57. Qd4 Qd5 58. Qa7+ Qf7 59.
Qa8 Bd5 60. Qb8 Qb7 61. Qf8+ Kh7 62. Qxf6 Qc7 63. Qd4 Qc4 64. Qa7+ Bf7 65. Bb4
Kg7 66. Qb8 Qd5 67. Qf8+ Kh7 68. Qe7 Qd1+ 1/2-1/2

[Event "Litomysl"]
[Site "?"]
[Date "2018.01.30"]
[Round "4.18"]
[White "Voriskova, Anna"]
[Black "Trasakova, Adela"]
[Result "1/2-1/2"]
[WhiteElo "1446"]
[BlackElo "1462"]
[PlyCount "93"]
[EventDate "2018.??.??"]

1. e4 c6 2. Nc3 d5 3. Nf3 Bg4 4. h3 Bxf3 5. Qxf3 e6 6. d4 Nf6 7. Bd3 Be7 8. Be3
O-O 9. O-O dxe4 10. Nxe4 Nbd7 11. Rad1 Nxe4 12. Bxe4 Nf6 13. Bd3 Qd5 14. Qxd5
cxd5 15. f4 g6 16. g4 Kh8 17. Kh1 a6 18. Rd2 b5 19. Rg1 Nd7 20. h4 Nb6 21. c3
Nc4 22. Bxc4 bxc4 23. Rh2 a5 24. Rf1 a4 25. h5 gxh5 26. gxh5 a3 27. f5 axb2 28.
Rxb2 Ra3 29. Bd2 Rg8 30. fxe6 fxe6 31. h6 Rf8 32. Re1 Ra6 33. Bc1 Rg8 34. Rbe2
Rg6 35. Bf4 Kg8 36. Ra1 Bg5 37. Bxg5 Rxg5 38. Rg1 Rxg1+ 39. Kxg1 Kf7 40. Rg2
Ra8 41. Kh2 Kf6 42. Kh3 e5 43. Rf2+ Ke6 44. dxe5 Kxe5 45. Re2+ Kf6 46. Kh4 Kg6
47. Re6+ 1/2-1/2

[Event "Litomysl"]
[Site "?"]
[Date "2018.01.30"]
[Round "4.19"]
[White "Pejrimovska, Viola Ruby"]
[Black "Beranova, Karin"]
[Result "1-0"]
[WhiteElo "1504"]
[BlackElo "1410"]
[PlyCount "55"]
[EventDate "2018.??.??"]

1. e4 e5 2. Nf3 Nc6 3. Nc3 Nf6 4. d4 exd4 5. Nd5 d6 6. Nxd4 Ne5 7. Be3 g6 8.
Bg5 Bg7 9. Nf3 Bg4 10. h3 Bxf3 11. gxf3 c6 12. Nc3 d5 13. exd5 cxd5 14. Bb5+
Ned7 15. Nxd5 Qa5+ 16. b4 Qd8 17. Qe2+ Kf8 18. O-O-O Qc8 19. Qe7+ Kg8 20. Nxf6+
Nxf6 21. Rhe1 Nh5 22. Be8 h6 23. Qxf7+ Kh7 24. Qxg6+ Kg8 25. Rd8 Qxd8 26. Bxd8
Rxd8 27. Qe6+ Kf8 28. Qf7# 1-0

[Event "Litomysl"]
[Site "?"]
[Date "2018.01.30"]
[Round "4.20"]
[White "Semova, Lada"]
[Black "Maresova, Michaela"]
[Result "0-1"]
[WhiteElo "1357"]
[BlackElo "1186"]
[PlyCount "60"]
[EventDate "2018.??.??"]

1. e4 d5 2. exd5 Qxd5 3. Nc3 Qa5 4. Nf3 c6 5. Bc4 Bf5 6. Ng5 e6 7. d3 Be7 8.
Nge4 Nf6 9. Bd2 Qc7 10. O-O Nbd7 11. a3 Nxe4 12. Nxe4 Nf6 13. Re1 O-O 14. Ng3
Bg6 15. Qe2 Rad8 16. f4 Rd7 17. Qf3 a6 18. Re2 Qb6+ 19. Kh1 Qxb2 20. Ra2 Qb6
21. f5 Bxf5 22. Nxf5 exf5 23. Qxf5 Rfd8 24. h3 Bc5 25. Bg5 Bd4 26. Qf4 Rd6 27.
Qg3 h6 28. Bxh6 Nh5 29. Qf3 Qb1+ 30. Kh2 Qg1# 0-1